000 00813nam a2200229Ia 4500
001 16699
003 GE_BSU
008 181216s||||||||xx |||||||||||||| ||und||
040 _cGE_BSU
080 _a82-93:821.161.1-3
100 _aკასილი, ლ.
245 _aადრეული განთიადი
245 _bმოთხრობა ნორჩ მხატვარზე
245 _cმთარგმნ.: ბ. შელია. რედ. ვ. ძიძიგური
260 _aთბილისი
260 _bსახელგამი
260 _c1956
300 _a272გვ. : 16ფ. ილ. ; 22სმ
653 _aადრეული განთიადი
653 _aმოთხრობა ნორჩ მხატვარზე
942 _cBK
999 _c49764
_d49764